
Library Catalogue

| 000 -LEADER | |
|---|---|
| fixed length control field | 01035nam a2200217Ia 4500 |
| 003 - CONTROL NUMBER IDENTIFIER | |
| control field | OSt |
| 005 - DATE AND TIME OF LATEST TRANSACTION | |
| control field | 20210508191820.0 |
| 008 - FIXED-LENGTH DATA ELEMENTS--GENERAL INFORMATION | |
| fixed length control field | 160316s2011 xxu||||| |||| 00| 0 eng d |
| 020 ## - INTERNATIONAL STANDARD BOOK NUMBER | |
| International Standard Book Number | 9780415859639 |
| 040 ## - CATALOGING SOURCE | |
| Transcribing agency | NLS |
| 082 ## - DEWEY DECIMAL CLASSIFICATION NUMBER | |
| Classification number | 340.59 SHA |
| 100 ## - MAIN ENTRY--PERSONAL NAME | |
| Personal name | Shah Niaz A |
| 245 ## - TITLE STATEMENT | |
| Title | Islamic law and the law of armed conflict : The armed conflict in Pakistan |
| 260 ## - PUBLICATION, DISTRIBUTION, ETC. | |
| Place of publication, distribution, etc. | London |
| Name of publisher, distributor, etc. | Routledge |
| Date of publication, distribution, etc. | 2011 |
| 300 ## - PHYSICAL DESCRIPTION | |
| Extent | 165p |
| Dimensions | viii |
| 365 ## - TRADE PRICE | |
| Price amount | Rs. 6,900 |
| 505 ## - FORMATTED CONTENTS NOTE | |
| Formatted contents note | Table of Contents:<br/>1. Introduction. <br/>Part 1: The Islamic Law of Qital and the Law of Armed Conflict. <br/>2. The Islamic Law of Qital.<br/>3. The Islamic Law of Qital among Muslims.<br/>4. The Islamic Law of Qital and the Law of Armed Conflict.<br/><br/>Part 2: The Armed Conflict in Pakistan.<br/>5. Fighting the Taliban: A Legal Perspective.<br/>6. War Crimes in the Armed Conflict in Pakistan.<br/><br/>Part 3: Concluding Remarks.<br/>7. Concluding Remarks. |
| 650 ## - SUBJECT ADDED ENTRY--TOPICAL TERM | |
| Topical term or geographic name entry element | 1. Islamic Law - War2. International Law _ War3. War - Religious Aspects - Islam |
| 700 ## - ADDED ENTRY--PERSONAL NAME | |
| Personal name | |
| -- | |
| 942 ## - ADDED ENTRY ELEMENTS (KOHA) | |
| Source of classification or shelving scheme | Dewey Decimal Classification |
| Koha item type | BOOKs |
| Withdrawn status | Lost status | Damaged status | Not for loan | Home library | Current library | Shelving location | Date acquired | Cost, normal purchase price | Total Checkouts | Full call number | Barcode | Date last seen | Price effective from | Koha item type |
|---|---|---|---|---|---|---|---|---|---|---|---|---|---|---|
| . | . | Library Compactors | 30.05.2017 | 6900.00 | 340.59 SHA | 27538 | 30.05.2017 | 30.05.2017 | BOOKs |